| 000 | 00599 a2200169 4500 | ||
|---|---|---|---|
| 999 |
_c8720 _d8720 |
||
| 020 | _a0958318468 | ||
| 050 | _aKTL789ABR 1989 | ||
| 100 |
_a Abrie, W. (Willem) _eauthor |
||
| 245 |
_aEstates : _bplanning and administration / _cby W. Abrie and C.R. Graham with M.C. Schoeman [and others]. |
||
| 264 |
_aLynnwood Ridge : _b ProPlus Publishers, _c1989. |
||
| 300 | _a447 pages : illustrations ; 23 cm | ||
| 500 | _aIncludes index. | ||
| 650 | _aExecutors and administrators -- South Africa. | ||
| 650 | _a Estate planning -- South Africa. | ||
| 700 | _aGraham, C,R | ||
| 942 |
_2lcc _cBK _h789 _iABR _kKTL |
||